000 00766nas a2200253 4500
001 BR0804119
003 BR-BrBNA
005 20231205111748.0
007 ta
008 230509b bl.|||p| |||| 00| 00por d
040 _aBR-BrBNA
_bpor
_cBiblioteca Nacional de Agricultura
041 _a(Pt)
072 _aL70
100 1 _aPaiva, F.
245 1 _aTeste comparativo entre tratamentos profiláticos para miíases ulcerativas, pós-castração, em bovinos
650 _aBOVINO
650 _aCASTRAÇÃO
650 _aVETERINÁRIA
650 _aPROFILAXIA
650 _aMIÍASE
773 0 _tA Hora Veterinária (Brazil)
_xISSN 0101-9163
_g(Sep-Oct 2006), v. 26(153) p. 16-18
_wBR0804119
909 _a202311
_bLúcia
_c55
_dLúcia Elande
942 _2AGRIS
_n0
_cANA
999 _c194360
_d194360